| 000 | 01922nam0a2200325 4500 | ||
|---|---|---|---|
| 001 | RU\NLR\BIBL_A\022790510 | ||
| 005 | 20260628205849.0 | ||
| 010 |
_a978-5-6054892-4-5 _9500 |
||
| 035 | _a(NLR Aleph) 022790510 | ||
| 090 |
_a13744698 _c13744698 |
||
| 100 | _a20260421d2025 m y0rusy50 ca | ||
| 101 | 0 | _arus | |
| 102 | _aRU | ||
| 105 | _aa j 000zy | ||
| 181 | 0 |
_ai3 _baxxe |
|
| 181 | 0 |
_ab2 _bbb2e |
|
| 182 | 0 | _an | |
| 200 | 1 |
_aГрыжи живота. История герниологии. Классификация. Этиология. Патогенез Клиника. Диагностика _eучебное пособие _eдля системы послевузовского и дополнительного профессионального образования врачей _fД. А. Ионкин, Р. Р. Аляутдинов _gпод редакцией академика РАН Ревишвили А. Ш. _gФГБУ "Национальный медицинский исследовательский центр хирургии имени А. В. Вишневского" Министерства здравоохранения Российской Федерации |
|
| 203 |
_aТекст _aИзображение _bвизуальные _cнепосредственные |
||
| 210 |
_aМосква _cНМИЦ хирургии _d2025 |
||
| 215 |
_a35 c. _cил., цв. ил. _d21 |
||
| 320 | _aБиблиогр.: с. 30-31 (21 назв.) | ||
| 606 | 1 |
_aЖивот _jУчебные издания для последипломного образования _xГрыжи _92305855 _3RU\NLR\AUTH\661380262 |
|
| 686 | 1 | _aР457.463.054я77 | |
| 700 | 1 |
_aИонкин _bД. А. _gДмитрий Анатольевич |
|
| 701 | 1 |
_aАляутдинов _bР. Р. _gРифат Рушанович |
|
| 942 | _cBOOK | ||
| 980 | _aNB | ||